MARC details
| 000 -CABECERA |
| campo de control de longitud fija |
01686nam a2200265 a 4500 |
| 001 - NÚMERO DE CONTROL |
| campo de control |
000001963 |
| 003 - IDENTIFICADOR DEL NÚMERO DE CONTROL |
| campo de control |
DO-SdBNP |
| 005 - FECHA Y HORA DE LA ÚLTIMA TRANSACCIÓN |
| campo de control |
20250613130920.0 |
| 008 - DATOS DE LONGITUD FIJA--INFORMACIÓN GENERAL |
| campo de control de longitud fija |
090630s2006 dr abcd 001 0 spa d |
| 040 ## - FUENTE DE LA CATALOGACIÓN |
| Centro catalogador/agencia de origen |
DO-SdBNP |
| Lengua de catalogación |
spa |
| Centro/agencia transcriptor |
BNPHU |
| 082 #4 - NÚMERO DE LA CLASIFICACIÓN DECIMAL DEWEY |
| Número de clasificación |
333.91 |
| Número de documento/Ítem |
I41n |
| Número de edición |
22 |
| 245 13 - MENCIÓN DE TÍTULO |
| Título |
El INDRHI en el desarrollo nacional / |
| Mención de responsabilidad, etc. |
presentación de Francisco T. Rodríguez. |
| 260 ## - PUBLICACIÓN, DISTRIBUCIÓN, ETC. |
| Lugar de publicación, distribución, etc. |
Santo Domingo : |
| Nombre del editor, distribuidor, etc. |
INDRHI, |
| Fecha de publicación, distribución, etc. |
2006. |
| 300 ## - DESCRIPCIÓN FÍSICA |
| Extensión |
iii, 252 p. : |
| Otras características físicas |
il., mapas, retrs. ; |
| Dimensiones |
25 cm. |
| 500 ## - NOTA GENERAL |
| Nota general |
Incluye anexos |
| 505 0# - NOTA DE CONTENIDO CON FORMATO |
| Nota de contenido con formato |
Presentación -- Introducción -- La administración del agua y el desarrollo hidráulico -- La gestión del agua -- Infraestructura hidráulica -- Manejo de fenómenos naturales extremos -- Evolución de los sistemas de riego -- El suministro de agua y la producción de alimentos -- Catastro digital de las tierras regadas -- La descentralización demócrata del servicio de riego -- La estrategia de apoyo agro empresarial y desarrollo sociocultural -- El capital humano en el INDRHI -- Las inversiones realizadas y fuentes de financiamiento -- Contribuciones del INDRHI al desarrollo comunitario -- Anexos -- Indice de mapas -- Indice de gráficos -- Indice de fotos -- Indice de imagen -- Indice de cuadros. |
| 590 ## - NOTA LOCAL (RLIN) |
| Nota local |
Inventariado, 2018/LP |
| 650 #7 - PUNTO DE ACCESO ADICIONAL DE MATERIA--TÉRMINO DE MATERIA |
| Término de materia o nombre geográfico como elemento de entrada |
Abastecimiento de agua |
| Subdivisión geográfica |
República Dominicana |
| 9 (RLIN) |
11680 |
| Fuente del encabezamiento o término |
LEMB |
| 650 #4 - PUNTO DE ACCESO ADICIONAL DE MATERIA--TÉRMINO DE MATERIA |
| Término de materia o nombre geográfico como elemento de entrada |
Recursos naturales |
| Subdivisión geográfica |
República Dominicana |
| 9 (RLIN) |
1560 |
| 650 #4 - PUNTO DE ACCESO ADICIONAL DE MATERIA--TÉRMINO DE MATERIA |
| Término de materia o nombre geográfico como elemento de entrada |
Desarrollo de recursos hidrológicos |
| Subdivisión geográfica |
República Dominicana |
| 9 (RLIN) |
6364 |
| 700 12 - PUNTO DE ACCESO ADICIONAL--NOMBRE DE PERSONA |
| Nombre de persona |
Rodríguez, Francisco T. |
| 9 (RLIN) |
6365 |
| 710 2# - PUNTO DE ACCESO ADICIONAL--NOMBRE DE ENTIDAD CORPORATIVA |
| Nombre de entidad corporativa o nombre de jurisdicción como elemento de entrada |
Instituto Nacional de Recursos Hidráulicos (República Dominicana) |
| 9 (RLIN) |
6366 |
| 910 ## - DATOS DE OPCIÓN DEL USUARIO (OCLC) |
| Datos de opción del usuario |
Validado. Control de calidad. MFF |
| 942 ## - ELEMENTOS DE PUNTO DE ACCESO ADICIONAL (KOHA) |
| Fuente del sistema de clasificación o colocación |
Dewey Decimal Classification |
| Tipo de ítem Koha |
Libro |